| 000 | 00834naa a22002417a 4500 | ||
|---|---|---|---|
| 001 | 232671 | ||
| 003 | ES-MaBCM | ||
| 005 | 20260312124928.0 | ||
| 008 | 260312s2021 us ||||| |||| 00| 0 eng d | ||
| 040 | _cES-MaBCM | ||
| 245 | 0 | 0 | _aWhat now? |
| 500 | _aNúmero monográfico | ||
| 600 | 1 | 0 |
_aTrump, Donald _d1946- _9120729 |
| 600 | 1 | 0 |
_aBiden, Joseph R. _9124997 |
| 650 | 7 |
_aRelación internacional _960079 |
|
| 650 | 0 |
_aPolítica de defensa _9119179 |
|
| 650 | 7 |
_aSituación política _960283 |
|
| 650 | 7 |
_aPolítica comercial _959816 |
|
| 651 | 4 |
_aEstados Unidos _9115376 |
|
| 773 |
_dWashington, DC _gn. 171 (Jan.-Feb. 2022), 96 p. - Loc. S.553 _t The National Interest _w201081 |
||
| 856 |
_uhttps://mpr.koha.es/cgi-bin/koha/opac-retrieve-file.pl?id=6c4818ba867d573a1bd6fca4aad3da72 _zAcceso al sumario |
||
| 942 |
_2udc _cAREV |
||
| 999 |
_c232671 _d232671 |
||